000
00190 a2200097 4500
001
17944
100
_a
Marquand, J
245
_a
Life
260
_a
_b
Oliver & Boyd
_c
090
_c
13250
_d
13250
942
_a
NUST-CAE
_c
M
_c
3615
999
_c
253017
_d
253017